000 00208nmm a2200085Ia 4500
008 220120s9999||||xx |||||||||||||||||und||
100 _aPCQ
245 0 _a30 power power packed network MGMT tools
260 _c2014
999 _c139904
_d139904